| 000 | 00531cam a2200145 4500500 | ||
|---|---|---|---|
| 005 | 20251228090745.0 | ||
| 041 | _afre | ||
| 042 | _adc | ||
| 100 | 1 | 0 |
_aMellet-Barthélemy, Violaine _eauthor |
| 245 | 0 | 0 | _aCafé Péguy à la Brasserie Lipp : bilan et perspectives |
| 260 | _c2016. | ||
| 500 | _a63 | ||
| 786 | 0 | _nBulletin de l’Amitié Charles Péguy | 155 | 3 | 2016-04-14 | p. 266-267 | 0180-8567 | |
| 856 | 4 | 1 | _uhttps://shs.cairn.info/revue-bulletin-de-lamitie-charles-peguy-2016-3-page-266?lang=fr&redirect-ssocas=7080 |
| 999 |
_c1602682 _d1602682 |
||